| 000 | 00647cab a2200229 4500 | ||
|---|---|---|---|
| 001 | X1396 | ||
| 008 | 090401t1994 xxu||||| |||| 00| 0 eng d | ||
| 035 | _a(Sirsi) u16801 | ||
| 041 | _aeng | ||
| 245 | _aShopping centre car parks | ||
| 260 | _c1994 | ||
| 350 | _a0 | ||
| 490 |
_aThe Impugner (RICS Rating Diploma Holders` Section) _vApril 1994, 5-8(4) |
||
| 650 | _aBRENNAB (VO) V LLOYDS BANK PLC | ||
| 650 | _aCAR PARKS | ||
| 650 | _aRATING | ||
| 650 | _aRAVENSEFT PROPERTIES LTD V STRATHCLYDE REGION ASSESSOR | ||
| 650 | _aSTOCKLEY PARK CONSORTIUM LTD V SAUL | ||
| 690 | _aRATING AND VALUATION | ||
| 942 | _n0 | ||
| 948 | _c04/03/1997 | ||
| 999 |
_c11115 _d11115 |
||